<?xml version="1.0" encoding="UTF-8"?>
<record
    xmlns:xsi="http://www.w3.org/2001/XMLSchema-instance"
    xsi:schemaLocation="http://www.loc.gov/MARC21/slim http://www.loc.gov/standards/marcxml/schema/MARC21slim.xsd"
    xmlns="http://www.loc.gov/MARC21/slim">

  <leader>02174nam a22002657a 4500</leader>
  <datafield tag="999" ind1=" " ind2=" ">
    <subfield code="c">21736</subfield>
    <subfield code="d">21736</subfield>
  </datafield>
  <controlfield tag="003">AR-CdUCM</controlfield>
  <controlfield tag="008">190425b           ||||| |||| 00| 0 spa d</controlfield>
  <datafield tag="040" ind1=" " ind2=" ">
    <subfield code="a">MUNICIPALIDAD PROVINCIAL DEL CUSCO</subfield>
    <subfield code="c">BIBLIOTECA MUNICIPAL DEL CUSCO</subfield>
  </datafield>
  <datafield tag="082" ind1=" " ind2=" ">
    <subfield code="a">Rev.Univ/N&#xB0;79/1940</subfield>
    <subfield code="b">Rev.Univ/N&#xB0;79/1940</subfield>
  </datafield>
  <datafield tag="110" ind1=" " ind2=" ">
    <subfield code="a">Universidad Nacional de San Antonio Abad del Cusco</subfield>
    <subfield code="9">15942</subfield>
  </datafield>
  <datafield tag="245" ind1=" " ind2=" ">
    <subfield code="a">Revista Universitaria :</subfield>
    <subfield code="b">&#xD3;rgano de la Universidad del Cuzco /</subfield>
  </datafield>
  <datafield tag="260" ind1=" " ind2=" ">
    <subfield code="a">Cusco :</subfield>
    <subfield code="b">H. G. Rozas,</subfield>
    <subfield code="c">1940.</subfield>
  </datafield>
  <datafield tag="300" ind1=" " ind2=" ">
    <subfield code="a">218 p&#xE1;ginas. :</subfield>
    <subfield code="c">20 cm.</subfield>
  </datafield>
  <datafield tag="440" ind1=" " ind2=" ">
    <subfield code="a">Revista Universitaria</subfield>
    <subfield code="n">A&#xF1;o XXIX, 2&#xB0; semestre 1940, N&#xB0;79</subfield>
    <subfield code="9">45919</subfield>
  </datafield>
  <datafield tag="505" ind1=" " ind2=" ">
    <subfield code="a">Contenido: Saludemos a Arequipa. David Chaparro. -- Acta de fundaci&#xF3;n de Villa Hermosa en el Valle de Arequipa. -- Dos escritoras arequipe&#xF1;as. Alfredo Y&#xE9;pez miranda. -- Formaciones vegetales del departamento de Arequipa. Cesar Vargas. -- La muerte de la emoci&#xF3;n. Alfredo Y&#xE9;pez miranda. -- El tesoro del poeta.  Alfredo Y&#xE9;pez miranda. -- Las nevadas en Arequipa. Antonio Lorena. -- La influencia cl&#xE1;sica en Melgar. Eulogio Tapia Olarte. -- Don Juan Manuel Polar. Jos&#xE9; Gabriel Cos&#xED;o. -- Un cap&#xED;tulo de los Comentarios Reales de los Incas del Inca Garcilaso de la Vega. El Inca Mayta Kcapac y la fundaci&#xF3;n incaica de Arequipa. -- La muerte de Salaverry en Arequipa. Juli&#xE1;n Santisteban Ochoa. -- A Arequipa. Luis Felipe Paredes. -- La caverna de la nacionalidad. Jos&#xE9; Uriel Garc&#xED;a. -- Melgar poema. Abraham Vizcarra Rozas. -- Saludo a Arequipa desde el Salccantay. Miguel &#xC1;ngel Delgado Vivanco . -- Don Felipe Waman Puma. V&#xED;ctor Navarro del &#xC1;guila. -- Bol&#xED;var en la capital de los incas. Jorge Cornejo Bouroncle. -- El tratado de Paucarpata. Miguel &#xC1;ngel Nieto. -- La educaci&#xF3;n en la Rep&#xFA;blica. Jos&#xE9; G. Callo. -- Personal docente y administrativo de la Universidad 1940.
</subfield>
  </datafield>
  <datafield tag="650" ind1=" " ind2=" ">
    <subfield code="a">Sim&#xF3;n Bol&#xED;var</subfield>
    <subfield code="9">1694</subfield>
  </datafield>
  <datafield tag="650" ind1=" " ind2=" ">
    <subfield code="a">Felipe Guam&#xE1;n Poma de Ayala</subfield>
    <subfield code="9">45889</subfield>
  </datafield>
  <datafield tag="650" ind1=" " ind2=" ">
    <subfield code="a">Arequipa</subfield>
    <subfield code="9">1703</subfield>
  </datafield>
  <datafield tag="700" ind1=" " ind2=" ">
    <subfield code="a">Y&#xE9;pez Miranda, Alfredo</subfield>
    <subfield code="9">4230</subfield>
  </datafield>
  <datafield tag="700" ind1=" " ind2=" ">
    <subfield code="a">Cos&#xED;o, Jos&#xE9; Gabriel</subfield>
    <subfield code="9">11720</subfield>
  </datafield>
  <datafield tag="700" ind1=" " ind2=" ">
    <subfield code="a">Cornejo Bouroncle, Jorge</subfield>
    <subfield code="9">15278</subfield>
  </datafield>
  <datafield tag="710" ind1=" " ind2=" ">
    <subfield code="a">Universidad Nacional de San Antonio Abad del Cusco</subfield>
    <subfield code="9">15942</subfield>
  </datafield>
  <datafield tag="942" ind1=" " ind2=" ">
    <subfield code="2">ddc</subfield>
    <subfield code="c">PP</subfield>
  </datafield>
  <datafield tag="945" ind1=" " ind2=" ">
    <subfield code="a">rac</subfield>
  </datafield>
  <datafield tag="952" ind1=" " ind2=" ">
    <subfield code="0">0</subfield>
    <subfield code="2">ddc</subfield>
    <subfield code="4">0</subfield>
    <subfield code="7">0</subfield>
    <subfield code="a">HEM</subfield>
    <subfield code="b">HEM</subfield>
    <subfield code="c">CART</subfield>
    <subfield code="d">2021-04-27</subfield>
    <subfield code="g">10.00</subfield>
    <subfield code="o">Rev.Univ/N&#xB0;79/1940</subfield>
    <subfield code="p">REVC000071</subfield>
    <subfield code="r">2021-04-27</subfield>
    <subfield code="y">PP</subfield>
  </datafield>
  <datafield tag="952" ind1=" " ind2=" ">
    <subfield code="0">0</subfield>
    <subfield code="2">ddc</subfield>
    <subfield code="4">0</subfield>
    <subfield code="7">0</subfield>
    <subfield code="a">HEM</subfield>
    <subfield code="b">HEM</subfield>
    <subfield code="c">CART</subfield>
    <subfield code="d">2021-04-27</subfield>
    <subfield code="g">10.00</subfield>
    <subfield code="o">Rev.Univ/N&#xB0;79/1940/e.2</subfield>
    <subfield code="p">REVC000072</subfield>
    <subfield code="r">2021-04-27</subfield>
    <subfield code="y">PP</subfield>
  </datafield>
  <datafield tag="952" ind1=" " ind2=" ">
    <subfield code="0">0</subfield>
    <subfield code="2">ddc</subfield>
    <subfield code="4">0</subfield>
    <subfield code="7">0</subfield>
    <subfield code="a">HEM</subfield>
    <subfield code="b">HEM</subfield>
    <subfield code="c">CART</subfield>
    <subfield code="d">2021-04-27</subfield>
    <subfield code="g">10.00</subfield>
    <subfield code="o">Rev.Univ/N&#xB0;79/1940/e.3</subfield>
    <subfield code="p">REVC000073</subfield>
    <subfield code="r">2021-04-27</subfield>
    <subfield code="y">PP</subfield>
  </datafield>
  <datafield tag="952" ind1=" " ind2=" ">
    <subfield code="0">0</subfield>
    <subfield code="2">ddc</subfield>
    <subfield code="4">0</subfield>
    <subfield code="7">0</subfield>
    <subfield code="a">HEM</subfield>
    <subfield code="b">HEM</subfield>
    <subfield code="c">CART</subfield>
    <subfield code="d">2021-04-27</subfield>
    <subfield code="g">10.00</subfield>
    <subfield code="o">Rev.Univ/N&#xB0;79/1940/e.4</subfield>
    <subfield code="p">REVC000074</subfield>
    <subfield code="r">2021-04-27</subfield>
    <subfield code="y">PP</subfield>
  </datafield>
</record>
